LEADER 01235nam--2200421---450- 001 990002151840203316 005 20100215120506.0 010 $a88-06-16329-9 035 $a000215184 035 $aUSA01000215184 035 $a(ALEPH)000215184USA01 035 $a000215184 100 $a20041108d2002----km-y0itay50------ba 101 $aita 102 $aIT 105 $ay|||||||001yy 200 1 $aErasmo$fJohan Huizinga 210 $aTorino$cEinaudi$d2002 215 $aXII, 265 p.$d20 cm 225 2 $aPiccola biblioteca Einaudi$hN. S.$v199 300 $aTraduzione di Arrigo Vita 410 0$12001$aPiccola biblioteca Einaudi$hN. S. 454 0$12001$aErasmus$938514 600 0$aErasmo : da Rotterdam$2BNCF 676 $a001.2092 700 1$aHUIZINGA,$bJohan$0292479 702 1$aVITA,$bArrigo 801 0$aIT$bsalbc$gISBD 912 $a990002151840203316 951 $aII.1.C. 1988$b221618 L.M.$cII.1.C.$d00255950 951 $aII.1.C. 1988 a$b221619 L.M.$cII.1.C.$d00255951 959 $aBK 969 $aUMA 979 $aMARIA$b10$c20041108$lUSA01$h1715 979 $aMARIA$b10$c20041108$lUSA01$h1719 979 $aANNAMARIA$b90$c20100215$lUSA01$h1205 996 $aErasmus$938514 997 $aUNISA LEADER 00990nam0-2200349---450 001 990000899040203316 005 20210928094029.0 010 $a88-15-01470-5 035 $a0089904 035 $aUSA010089904 035 $a(ALEPH)000089904USA01 035 $a0089904 100 $a20020124d1987----||ita|01 ba 101 $aita 102 $aIT 105 $a|||| ||||| 200 1 $a<> laboratorio borghese$escienza e politica nella Germania dell'Ottocento$fPierangelo Schiera 210 $aBologna$cIl mulino$d1987 215 $a426 p.$d22 cm 225 $aSaggi$v324 410 1$12001$aSaggi$v324 606 0 $aPolitica$yGermania$zSec. 19. 606 0 $aScienze$yGermania$zSec. 19. 676 $a509.43 700 1$aSCHIERA,$bPierangelo$0119748 801 0$aIT$bsalbc$gISBD 912 $a990000899040203316 951 $aX.3.B. 3505(VARIE COLL. 23/324)$b94460 L.M.$cVARIE COLL. 959 $aBK 969 $aUMA 996 $aLaboratorio borghese$9276513 997 $aUNISA